Bilecik Bilecik Bilecik Bilecik Bilecik

Learning and teaching in school science: practical alternatives/ (Record no. 4707)

MARC details
000 -BAŞLIK
Sabit Uzunluktaki Kontrol Alanı 00878nam a22002777a 4500
001 - KONTROL NUMARASI
Control Dosyası 0004725
003 - KONTROL NUMARASI KİMLİĞİ
Kontrol Alanı KOHA_MİRAKIL
005 - EN SON İŞLEM TARİHİ ve ZAMANI
Kontrol Alanı 20260207001423.0
007 - FİZİKSEL TANIM SABİT ALAN - GENEL BİLGİ
Sabit uzunluklu kontrol alanı ta
008 - SABİT UZUNLUKTAKİ VERİ ÖGELERİ - GENEL BİLGİ
Sabit Alan 090506b1989 enk |||gr||||#||||0|eng |
020 ## - ISBN - ULUSLARARASI STANDART KİTAP NUMARASI
Isbn 0335095143
040 ## - KATALOGLAMA KAYNAĞI
Özgün Kataloglama Kurumu TR-BiSEU
Kataloglama Dili tur
Çeviri Kurumu TR-BiSEU
Açıklama Kuralları rda
041 0# - DİL KODU
Metin ya da ses kaydının dil kodu eng
044 ## - YAYINLAYAN/ÜRETEN KURULUŞUN ÜLKE KODU
ISO country code enk
050 ## - SINIFLAMA ve YER NUMARASI
Sınıflama Numarası Q181
Yer Numarası .L495 1989
245 0# - ESER ADI BİLDİRİMİ
Başlık Learning and teaching in school science: practical alternatives/
Sorumluluk Bildirimi edited by Di Bentley and Mike Watts.
264 #1 - ÜRERİM, YAYIN, DAĞITIM ve TELİF BİLDİRİMİ
Yayın yeri Milton Keynes [England] ; Philadelphia :
Yayınlayan Open University Press
Yayın tarihi 1989
300 ## - FİZİKSEL TANIMLAMA
Sayfa, Cilt vb. xiv, 202 sayfa: resimli
336 ## - İÇERİK TÜRÜ
Content type term metin
Content type code txt
Source rdacontent
337 ## - MEDYA TÜRÜ
Media type term aracısız
Media type code n
Source rdamedia
338 ## - TAŞIYICI TÜRÜ
Carrier type term cilt
Carrier type code nc
Source rdacarrier
500 ## - GENEL NOT
Genel Not Spine title: Learning & teaching in school science.
500 ## - GENEL NOT
Genel Not Kaynakça var.
650 #0 - KONU BAŞLIĞI EK GİRİŞ - KONU TERİMİ
Konusal terim veya coğrafi ad Science--Study and teaching.
9 (RLIN) 11636
942 ## - EK GİRİŞ ÖGELERİ (KOHA)
Source of classification or shelving scheme Library of Congress Classification
Koha item type Book
Holdings
Materyal Türü Kalıcı Konum Mevcut Konum Raf Yeri Sınıflandırma Kaynağı Edinim Bilgisi Ana Konular Alt Konular Yer Numarası Demirbaş Numarası Fatura Tarihi Maliyet, Alış Fiyatı Maliyet, Yenileme Fiyatı Geri Çekilme Durumu Kayıp Durumu Hasarlı Durumu Kredi için değil Kayıt Tarih Toplam Ödünçverme Son Görülme Tarihi Son Kontrol Tarihi Genel / Bağış Notu
Book Prof. Dr. Azmi Özcan Kütüphanesi Prof. Dr. Azmi Özcan Kütüphanesi Birûni Salonu Library of Congress Classification Bağış BİLİM Bilim (Genel) Q181 .L495 1989 0004725 13/08/2010 2.50 2.50         06/05/2009   27/05/2025 27/05/2025 Genel Bağış